Investovanie do športových hviezd sa firmám vyplatí Spojenie so značkou Peter Sagan funguje v Telekome aj pri predaji kuchynských spotrebičov

Marketing a značka. Výhodnosť investovania do športových hviezd: Úspech spojenia značky Peter Sagan so spoločnosťami Telekom a Bora. Výhody sponzoringu zjazdovej lyžiarky Petry Vlhovej rakúskou firmou Rauch.

Gespeichert in:
Bibliographische Detailangaben
1. Verfasser: Kollárová, Zuzana
Format: Buchkapitel
Sprache:Slowakisch
Schlagworte:
Tags: Tag hinzufügen
Keine Tags, Fügen Sie das erste Tag hinzu!

MARC

LEADER 00000naa a2200000 4500
001 0238538
005 20180108134229.7
041 0 |a slo 
044 |a SK 
245 1 0 |a Investovanie do športových hviezd sa firmám vyplatí  |b Spojenie so značkou Peter Sagan funguje v Telekome aj pri predaji kuchynských spotrebičov  |c Zuzana Kollárová 
520 |a Marketing a značka. Výhodnosť investovania do športových hviezd: Úspech spojenia značky Peter Sagan so spoločnosťami Telekom a Bora. Výhody sponzoringu zjazdovej lyžiarky Petry Vlhovej rakúskou firmou Rauch. 
610 2 0 |a stratégia investičná 
610 2 0 |a stratégia marketingová 
610 2 0 |a značky 
610 2 0 |a šport 
610 2 0 |a propagácia 
100 1 |a Kollárová, Zuzana